Oil and gas map of southwestern Pennsylvania, 1915. (Record no. 25660)
[ view plain ]
| 000 -LEADER | |
|---|---|
| fixed length control field | 00816cam a22002411 4500 |
| 001 - CONTROL NUMBER | |
| control field | gs 16000365 |
| 003 - CONTROL NUMBER IDENTIFIER | |
| control field | DLC |
| 005 - DATE AND TIME OF LATEST TRANSACTION | |
| control field | 20260227111319.0 |
| 008 - FIXED-LENGTH DATA ELEMENTS--GENERAL INFORMATION | |
| fixed length control field | 760426s1916 pauab s000 0 eng |
| 010 ## - LIBRARY OF CONGRESS CONTROL NUMBER | |
| LC control number | gs 16000365 |
| 035 ## - SYSTEM CONTROL NUMBER | |
| System control number | (OCoLC)2140562 |
| 040 ## - CATALOGING SOURCE | |
| Original cataloging agency | DLC |
| Transcribing agency | GAT |
| Modifying agency | DLC |
| 042 ## - AUTHENTICATION CODE | |
| Authentication code | premarc |
| 050 00 - LIBRARY OF CONGRESS CALL NUMBER | |
| Classification number | TN872.P4 |
| Item number | A2 1915 |
| 110 1# - MAIN ENTRY--CORPORATE NAME | |
| Corporate name or jurisdiction name as entry element | Pennsylvania. |
| Subordinate unit | Topographic and Geological Survey Commission. |
| 245 10 - TITLE STATEMENT | |
| Title | Oil and gas map of southwestern Pennsylvania, 1915. |
| 260 ## - PUBLICATION, DISTRIBUTION, ETC. | |
| Place of publication, distribution, etc. | Harrisburg, Pa., |
| Name of publisher, distributor, etc. | W. S. Ray, State Printer, |
| Date of publication, distribution, etc. | 1916. |
| 300 ## - PHYSICAL DESCRIPTION | |
| Extent | 22 p. |
| Other physical details | diagrs. |
| Dimensions | 23 cm. |
| 500 ## - GENERAL NOTE | |
| General note | At head of title: Topographic and Geological Survey of Pennsylvania; Richard R. Hice, State Geologist. |
| 500 ## - GENERAL NOTE | |
| General note | Folded map laid in. |
| 650 #0 - SUBJECT ADDED ENTRY--TOPICAL TERM | |
| Topical term or geographic name entry element | Petroleum |
| Geographic subdivision | Pennsylvania. |
| 650 #0 - SUBJECT ADDED ENTRY--TOPICAL TERM | |
| Topical term or geographic name entry element | Natural gas |
| Geographic subdivision | Pennsylvania. |
No items available.